Born In France - Sudden Death - Statistics

General Stats
  • This quiz has been taken 160 times
  • The average score is 5 of 10
Answers on the Grid
Answers color-coded by a green-red scale on the quiz's grid according to % correct below.
Adolf Hitler
Anne Hidalgo
Benjamin Franklin
Bilal Coulibaly
Charles de Gaulle
Elon Musk
Gustave Eiffel
Harry Kane
Henry Johnson
Jacques Cousteau
Joan of Arc
Kylian Mbappe
Lamine Yamal
Marie Curie
Napoleon Bonaparte
Pope Francis
Rudy Gobert
Tony Parker
Victor Wembanyama
Zinedine Zidane
 
Answer Stats
Answer % Correct
Charles de Gaulle
82%
Gustave Eiffel
71%
Joan of Arc
71%
Jacques Cousteau
63%
Napoleon Bonaparte
63%
Kylian Mbappe
60%
Zinedine Zidane
51%
Bilal Coulibaly
26%
Rudy Gobert
25%
Victor Wembanyama
24%
No matching quizzes found
Score Distribution
Percent of People with Each Score
Percentile by Number Answered
Your Score History
You have not taken this quiz